000 00400nam a2200157Ia 4500
008 230711s9999||||xx |||||||||||||| ||und||
041 _aENG
082 _a621.092
_bDE-P
100 _aDeolalikar,S.G
245 0 _aPlumbing : design and practice
250 _a1st
260 _c1994
_aNew Delhi
_bTata McGraw Hill Education Limited
300 _a271
650 _aMechanical Engineering
942 _cBK
999 _c2408
_d2408